[Event "ODJM C 2024"]
[Site "Willingen GER"]
[Date "2024.05.23"]
[Round "7"]
[White "Nguyen Trung, Atticus"]
[Black "Lang, Samuel"]
[Result "0-1"]
[Termination "normal"]
[Board "12"]
[WhiteElo "1581"]
[BlackElo "1268"]
[WhiteClock "00:02:13"]
[BlackClock "01:01:01"]
[PlyCount "71"]
[WhiteFideId "34670041"]
[BlackFideId "34660526"]
[EventCountry "GER"]
[EventRounds "9"]
[EventType "swiss"]
[EventDate "2024.05.18"]

1. e4 {[%clk 01:30:59]} d5 {[%clk 01:30:55]} {[%emt 00:00:06]} 2. exd5 {[%clk
01:31:23]} {[%emt 00:00:05]} Qxd5 {[%clk 01:31:21]} {[%emt 00:00:04]} 3. Nc3
{[%clk 01:31:30]} {[%emt 00:00:23]} Qa5 {[%clk 01:31:42]} {[%emt 00:00:09]} 4.
d4 {[%clk 01:31:29]} {[%emt 00:00:31]} c6 {[%clk 01:32:00]} {[%emt 00:00:13]}
5. Nf3 {[%clk 01:31:30]} {[%emt 00:00:28]} Nf6 {[%clk 01:32:25]} {[%emt
00:00:06]} 6. Bd2 {[%clk 01:30:42]} {[%emt 00:01:17]} Qc7 {[%clk 01:32:48]}
{[%emt 00:00:07]} 7. Bd3 {[%clk 01:29:25]} {[%emt 00:01:45]} Bg4 {[%clk
01:33:01]} {[%emt 00:00:19]} 8. h3 {[%clk 01:28:50]} {[%emt 00:01:05]} Bh5
{[%clk 01:33:20]} {[%emt 00:00:11]} 9. Qe2 {[%clk 01:27:55]} {[%emt 00:01:23]}
e6 {[%clk 01:32:50]} {[%emt 00:01:02]} 10. a3 {[%clk 01:26:45]} {[%emt
00:01:40]} Nbd7 {[%clk 01:31:53]} {[%emt 00:01:28]} 11. Ne4 {[%clk 01:24:32]}
{[%emt 00:02:40]} Be7 {[%clk 01:31:11]} {[%emt 00:01:15]} 12. c4 {[%clk
01:23:03]} {[%emt 00:01:59]} c5 {[%clk 01:27:28]} {[%emt 00:04:13]} 13. g4
{[%clk 01:13:46]} {[%emt 00:09:45]} Bg6 {[%clk 01:26:57]} {[%emt 00:01:02]} 14.
dxc5 {[%clk 00:57:16]} {[%emt 00:17:00]} Bxe4 {[%clk 01:25:43]} {[%emt
00:01:44]} 15. Bxe4 {[%clk 00:56:43]} {[%emt 00:01:02]} Nxe4 {[%clk 01:26:08]}
{[%emt 00:00:06]} 16. Qxe4 {[%clk 00:56:20]} {[%emt 00:00:52]} Bxc5 {[%clk
01:21:10]} {[%emt 00:05:29]} 17. b4 {[%clk 00:52:12]} {[%emt 00:04:38]} Nf6
{[%clk 01:19:06]} {[%emt 00:02:34]} 18. Qc2 {[%clk 00:50:28]} {[%emt 00:02:06]}
Bd6 {[%clk 01:17:53]} {[%emt 00:01:52]} 19. Nd4 {[%clk 00:47:25]} {[%emt
00:03:33]} Bf4 {[%clk 01:14:24]} {[%emt 00:03:59]} 20. O-O-O {[%clk 00:42:05]}
{[%emt 00:05:49]} Rd8 {[%clk 01:12:28]} {[%emt 00:02:27]} 21. Kb1 {[%clk
00:38:09]} {[%emt 00:04:24]} Rxd4 {[%clk 01:12:01]} {[%emt 00:00:58]} 22. Bxf4
{[%clk 00:36:46]} {[%emt 00:01:52]} Rxf4 {[%clk 01:12:02]} {[%emt 00:00:30]}
23. Qa4+ {[%clk 00:36:11]} {[%emt 00:01:05]} Qc6 {[%clk 01:10:33]} {[%emt
00:01:59]} 24. Qxa7 {[%clk 00:36:01]} {[%emt 00:00:40]} O-O {[%clk 01:10:31]}
{[%emt 00:00:32]} 25. g5 {[%clk 00:29:53]} {[%emt 00:06:35]} Ne4 {[%clk
01:10:40]} {[%emt 00:00:25]} 26. Qd4 {[%clk 00:28:02]} {[%emt 00:02:12]} Qa4
{[%clk 01:04:02]} {[%emt 00:07:16]} 27. Qe3 {[%clk 00:23:20]} {[%emt 00:05:08]}
Rxf2 {[%clk 01:03:03]} {[%emt 00:01:32]} 28. Rc1 {[%clk 00:08:14]} {[%emt
00:15:36]} Nd2+ {[%clk 01:01:16]} {[%emt 00:02:18]} 29. Ka2 {[%clk 00:04:23]}
{[%emt 00:04:13]} Ra8 {[%clk 00:59:54]} {[%emt 00:02:00]} 30. Rc3 {[%clk
00:01:01]} {[%emt 00:03:43]} Ne4+ {[%clk 00:59:43]} {[%emt 00:00:50]} 31. Kb1
{[%clk 00:00:53]} {[%emt 00:00:35]} Nxc3+ {[%clk 00:59:50]} {[%emt 00:00:27]}
32. Qxc3 {[%clk 00:00:54]} {[%emt 00:00:28]} Qxa3 {[%clk 00:59:58]} {[%emt
00:00:22]} 33. Qxa3 {[%clk 00:01:07]} {[%emt 00:00:17]} Rxa3 {[%clk 01:00:21]}
{[%emt 00:00:07]} 34. Rd1 {[%clk 00:01:26]} {[%emt 00:00:10]} g6 {[%clk
01:00:35]} {[%emt 00:00:17]} 35. Rd8+ {[%clk 00:01:51]} {[%emt 00:00:05]} Kg7
{[%clk 01:01:01]} {[%emt 00:00:04]} 36. Kc1 {[%clk 00:02:13]} {[%emt 00:00:07]}
0-1

[Event "ODJM C 2024"]
[Site "Willingen GER"]
[Date "2024.05.23"]
[Round "7"]
[White "Wilting, Oskar"]
[Black "Lange, Lene Marie"]
[Result "0-1"]
[Termination "normal"]
[Board "14"]
[WhiteElo "1503"]
[BlackElo "1497"]
[WhiteClock "00:38:08"]
[BlackClock "00:28:20"]
[PlyCount "74"]
[WhiteFideId "34640053"]
[BlackFideId "34639748"]
[EventCountry "GER"]
[EventRounds "9"]
[EventType "swiss"]
[EventDate "2024.05.18"]

1. d4 {[%clk 01:30:56]} {[%emt 00:00:03]} d5 {[%clk 01:30:53]} {[%emt
00:00:09]} 2. Nc3 {[%clk 01:31:16]} {[%emt 00:00:08]} Nf6 {[%clk 01:31:10]}
{[%emt 00:00:14]} 3. Bf4 {[%clk 01:31:34]} {[%emt 00:00:11]} a6 {[%clk
01:29:41]} {[%emt 00:02:00]} 4. e3 {[%clk 01:31:44]} {[%emt 00:00:18]} Bf5
{[%clk 01:29:40]} {[%emt 00:00:32]} 5. f3 {[%clk 01:31:48]} {[%emt 00:00:26]}
e6 {[%clk 01:29:18]} {[%emt 00:00:53]} 6. g4 {[%clk 01:31:47]} {[%emt
00:00:30]} Bg6 {[%clk 01:29:16]} {[%emt 00:00:32]} 7. h4 {[%clk 01:31:38]}
{[%emt 00:00:39]} h5 {[%clk 01:29:14]} {[%emt 00:00:34]} 8. g5 {[%clk
01:31:36]} {[%emt 00:00:30]} Nfd7 {[%clk 01:28:54]} {[%emt 00:00:51]} 9. Bd3
{[%clk 01:30:46]} {[%emt 00:01:20]} Bxd3 {[%clk 01:28:41]} {[%emt 00:00:43]}
10. Qxd3 {[%clk 01:30:47]} {[%emt 00:00:28]} c5 {[%clk 01:28:31]} {[%emt
00:00:41]} 11. Nge2 {[%clk 01:28:49]} {[%emt 00:02:28]} Nc6 {[%clk 01:26:18]}
{[%emt 00:02:44]} 12. g6 {[%clk 01:25:03]} {[%emt 00:04:15]} f6 {[%clk
01:22:04]} {[%emt 00:04:44]} 13. Rg1 {[%clk 01:22:25]} {[%emt 00:03:07]} c4
{[%clk 01:18:30]} {[%emt 00:04:06]} 14. Qd2 {[%clk 01:22:25]} {[%emt 00:00:27]}
b5 {[%clk 01:15:25]} {[%emt 00:03:38]} 15. a3 {[%clk 01:21:28]} {[%emt
00:01:26]} Be7 {[%clk 01:03:12]} {[%emt 00:12:42]} 16. b4 {[%clk 01:20:06]}
{[%emt 00:01:52]} Qb6 {[%clk 00:52:22]} {[%emt 00:11:20]} 17. Nc1 {[%clk
01:04:34]} {[%emt 00:16:03]} f5 {[%clk 00:48:50]} {[%emt 00:04:02]} 18. Bg5
{[%clk 01:01:51]} {[%emt 00:03:13]} Qd8 {[%clk 00:46:01]} {[%emt 00:03:19]} 19.
e4 {[%clk 00:53:36]} {[%emt 00:08:45]} fxe4 {[%clk 00:42:00]} {[%emt 00:04:31]}
20. fxe4 {[%clk 00:49:44]} {[%emt 00:04:22]} Bxg5 {[%clk 00:41:00]} {[%emt
00:01:31]} 21. Rxg5 {[%clk 00:48:08]} {[%emt 00:02:04]} Qf6 {[%clk 00:38:17]}
{[%emt 00:03:14]} 22. exd5 {[%clk 00:45:28]} {[%emt 00:03:10]} Nxd4 {[%clk
00:38:00]} {[%emt 00:00:48]} 23. Qg2 {[%clk 00:41:17]} {[%emt 00:04:40]} Nf3+
{[%clk 00:37:30]} {[%emt 00:01:00]} 24. Ke2 {[%clk 00:40:09]} {[%emt 00:01:38]}
Nxg5 {[%clk 00:36:37]} {[%emt 00:01:23]} 25. hxg5 {[%clk 00:40:01]} {[%emt
00:00:37]} Qxc3 {[%clk 00:35:08]} {[%emt 00:02:00]} 26. dxe6 {[%clk 00:39:45]}
{[%emt 00:00:47]} Qxc2+ {[%clk 00:35:00]} {[%emt 00:00:36]} 27. Kf1 {[%clk
00:39:42]} {[%emt 00:00:30]} Rf8+ {[%clk 00:34:27]} {[%emt 00:01:06]} 28. Kg1
{[%clk 00:39:58]} {[%emt 00:00:14]} Qxg2+ {[%clk 00:34:33]} {[%emt 00:00:24]}
29. Kxg2 {[%clk 00:40:19]} {[%emt 00:00:09]} Ne5 {[%clk 00:34:28]} {[%emt
00:00:35]} 30. Na2 {[%clk 00:39:49]} {[%emt 00:01:01]} Nxg6 {[%clk 00:33:30]}
{[%emt 00:01:26]} 31. Re1 {[%clk 00:39:50]} {[%emt 00:00:31]} Ke7 {[%clk
00:32:45]} {[%emt 00:01:14]} 32. Kg3 {[%clk 00:40:02]} {[%emt 00:00:18]} Rad8
{[%clk 00:32:40]} {[%emt 00:00:35]} 33. Nc1 {[%clk 00:39:43]} {[%emt 00:00:49]}
c3 {[%clk 00:31:50]} {[%emt 00:01:19]} 34. Re3 {[%clk 00:39:40]} {[%emt
00:00:33]} Rc8 {[%clk 00:29:19]} {[%emt 00:03:02]} 35. Na2 {[%clk 00:39:10]}
{[%emt 00:01:00]} c2 {[%clk 00:29:00]} {[%emt 00:00:48]} 36. Re1 {[%clk
00:39:28]} {[%emt 00:00:13]} Rc6 {[%clk 00:28:30]} {[%emt 00:00:58]} 37. Nc1
{[%clk 00:38:08]} {[%emt 00:01:51]} Rd8 {[%clk 00:28:20]} {[%emt 00:00:38]} 0-1

[Event "ODJM C 2024"]
[Site "Willingen GER"]
[Date "2024.05.23"]
[Round "7"]
[White "Börner, Martha"]
[Black "Luible, Sebastian"]
[Result "1/2-1/2"]
[Termination "normal"]
[Board "16"]
[WhiteElo "1197"]
[BlackElo "1181"]
[WhiteClock "01:18:30"]
[BlackClock "00:58:37"]
[PlyCount "64"]
[WhiteFideId "34665382"]
[BlackFideId "533001944"]
[EventCountry "GER"]
[EventRounds "9"]
[EventType "swiss"]
[EventDate "2024.05.18"]

1. e4 {[%clk 01:30:56]} {[%emt 00:00:03]} d5 {[%clk 01:30:54]} {[%emt
00:00:07]} 2. e5 {[%clk 01:31:20]} {[%emt 00:00:06]} f6 {[%clk 01:31:05]}
{[%emt 00:00:19]} 3. d4 {[%clk 01:30:47]} {[%emt 00:01:03]} Nc6 {[%clk
01:30:54]} {[%emt 00:00:41]} 4. exf6 {[%clk 01:30:58]} {[%emt 00:00:19]} Nxf6
{[%clk 01:31:12]} {[%emt 00:00:12]} 5. Bb5 {[%clk 01:31:15]} {[%emt 00:00:13]}
a6 {[%clk 01:29:47]} {[%emt 00:01:55]} 6. Bxc6+ {[%clk 01:31:31]} {[%emt
00:00:14]} bxc6 {[%emt 00:00:14]} 7. Nc3 {[%clk 01:31:54]} {[%emt 00:00:05]} h6
{[%clk 01:29:02]} {[%emt 00:01:32]} 8. h3 {[%clk 01:31:52]} {[%emt 00:00:32]}
Bf5 {[%clk 01:29:17]} {[%emt 00:00:15]} 9. Nf3 {[%clk 01:31:43]} {[%emt
00:00:38]} e6 {[%clk 01:28:24]} {[%emt 00:01:24]} 10. O-O {[%clk 01:31:36]}
{[%emt 00:00:37]} c5 {[%clk 01:28:24]} {[%emt 00:00:31]} 11. Bf4 {[%clk
01:31:07]} {[%emt 00:00:58]} Bd6 {[%clk 01:27:48]} {[%emt 00:01:07]} 12. Bxd6
{[%clk 01:30:52]} {[%emt 00:00:44]} cxd6 {[%clk 01:27:30]} {[%emt 00:00:48]}
13. Re1 {[%clk 01:30:35]} {[%emt 00:00:47]} Ne4 {[%clk 01:26:41]} {[%emt
00:01:19]} 14. Nxe4 {[%clk 01:29:36]} {[%emt 00:01:28]} Bxe4 {[%clk 01:26:28]}
{[%emt 00:00:45]} 15. Nd2 {[%clk 01:27:56]} {[%emt 00:02:10]} Bf5 {[%clk
01:25:56]} {[%emt 00:01:01]} 16. Qh5+ {[%clk 01:27:40]} {[%emt 00:00:43]} g6
{[%clk 01:24:59]} {[%emt 00:01:30]} 17. Qf3 {[%clk 01:26:27]} {[%emt 00:01:24]}
O-O {[%clk 01:24:39]} {[%emt 00:01:09]} 18. Qg3 {[%clk 01:26:38]} {[%emt
00:00:18]} Qe7 {[%clk 01:20:30]} {[%emt 00:04:41]} 19. c3 {[%clk 01:23:55]}
{[%emt 00:03:13]} cxd4 {[%clk 01:19:15]} {[%emt 00:01:46]} 20. cxd4 {[%clk
01:23:36]} {[%emt 00:00:48]} Rad8 {[%clk 01:18:17]} {[%emt 00:01:28]} 21. h4
{[%clk 01:23:34]} {[%emt 00:00:32]} Qf6 {[%clk 01:15:47]} {[%emt 00:03:00]} 22.
Nf3 {[%clk 01:22:58]} {[%emt 00:01:05]} Be4 {[%clk 01:13:30]} {[%emt 00:02:49]}
23. h5 {[%clk 01:21:20]} {[%emt 00:02:07]} g5 {[%clk 01:13:02]} {[%emt
00:00:58]} 24. Rad1 {[%clk 01:20:33]} {[%emt 00:01:12]} Bxf3 {[%clk 01:12:06]}
{[%emt 00:01:31]} 25. Qxf3 {[%clk 01:20:02]} {[%emt 00:01:01]} Qxf3 {[%clk
01:11:52]} {[%emt 00:00:44]} 26. gxf3 {[%clk 01:20:27]} {[%emt 00:00:05]} Rfe8
{[%clk 01:09:20]} {[%emt 00:03:03]} 27. Rd2 {[%clk 01:18:30]} {[%emt 00:01:14]}
Kf7 {[%clk 01:08:21]} {[%emt 00:02:41]} 28. Rc1 {[%clk 01:18:15]} {[%emt
00:00:45]} Rc8 {[%clk 01:07:43]} {[%emt 00:01:09]} 29. Rdc2 {[%clk 01:18:12]}
{[%emt 00:00:32]} Rxc2 {[%clk 01:06:28]} {[%emt 00:01:45]} 30. Rxc2 {[%clk
01:18:15]} {[%emt 00:00:27]} Rb8 {[%clk 01:02:07]} {[%emt 00:04:51]} 31. b3
{[%clk 01:18:22]} {[%emt 00:00:23]} Rb6 {[%clk 00:59:12]} {[%emt 00:03:26]} 32.
Rc7+ {[%clk 01:18:30]} {[%emt 00:00:22]} Kg8 {[%clk 00:58:37]} {[%emt
00:01:05]} 1/2-1/2

[Event "ODJM C 2024"]
[Site "Willingen GER"]
[Date "2024.05.23"]
[Round "7"]
[White "Gehring, Enja"]
[Black "Betz, Niclas"]
[Result "0-1"]
[Termination "normal"]
[Board "17"]
[WhiteElo "1440"]
[BlackElo "1658"]
[WhiteClock "00:27:48"]
[BlackClock "01:06:13"]
[PlyCount "130"]
[WhiteFideId "34659803"]
[BlackFideId "34616748"]
[EventCountry "GER"]
[EventRounds "9"]
[EventType "swiss"]
[EventDate "2024.05.18"]

1. e4 {[%clk 01:30:57]} {[%emt 00:00:02]} e5 {[%clk 01:30:56]} {[%emt
00:00:05]} 2. Nf3 {[%clk 01:31:23]} {[%emt 00:00:04]} Nc6 {[%clk 01:31:20]}
{[%emt 00:00:06]} 3. Bc4 {[%clk 01:31:46]} {[%emt 00:00:07]} Bc5 {[%clk
01:31:38]} {[%emt 00:00:12]} 4. d3 {[%clk 01:32:06]} {[%emt 00:00:10]} Nf6
{[%clk 01:32:00]} {[%emt 00:00:08]} 5. Nc3 {[%clk 01:31:56]} {[%emt 00:00:40]}
d6 {[%clk 01:32:19]} {[%emt 00:00:12]} 6. a4 {[%clk 01:32:16]} {[%emt
00:00:10]} Bg4 {[%clk 01:32:29]} {[%emt 00:00:20]} 7. Nd5 {[%clk 01:31:51]}
{[%emt 00:00:55]} Nxd5 {[%clk 01:32:25]} {[%emt 00:00:34]} 8. Bxd5 {[%clk
01:31:31]} {[%emt 00:00:50]} O-O {[%clk 01:32:38]} {[%emt 00:00:17]} 9. c3
{[%clk 01:31:52]} {[%emt 00:00:09]} a5 {[%clk 01:32:44]} {[%emt 00:00:24]} 10.
h3 {[%clk 01:31:59]} {[%emt 00:00:22]} Bh5 {[%clk 01:33:01]} {[%emt 00:00:13]}
11. g4 {[%clk 01:31:43]} {[%emt 00:00:47]} Bg6 {[%clk 01:33:21]} {[%emt
00:00:10]} 12. Bg5 {[%clk 01:31:49]} {[%emt 00:00:24]} Qc8 {[%clk 01:33:13]}
{[%emt 00:00:36]} 13. Nh4 {[%clk 01:29:21]} {[%emt 00:02:59]} Kh8 {[%clk
01:31:38]} {[%emt 00:02:05]} 14. Qe2 {[%clk 01:17:06]} {[%emt 00:12:44]} Ra6
{[%clk 01:29:53]} {[%emt 00:02:16]} 15. Rd1 {[%clk 01:08:29]} {[%emt 00:09:07]}
h6 {[%clk 01:28:07]} {[%emt 00:02:16]} 16. Bc1 {[%clk 01:05:57]} {[%emt
00:03:02]} Nb8 {[%clk 01:25:16]} {[%emt 00:03:22]} 17. g5 {[%clk 01:03:50]}
{[%emt 00:02:37]} h5 {[%clk 01:23:42]} {[%emt 00:02:04]} 18. d4 {[%clk
01:03:41]} {[%emt 00:00:39]} exd4 {[%clk 01:23:44]} {[%emt 00:00:28]} 19. cxd4
{[%clk 01:03:58]} {[%emt 00:00:13]} Bb4+ {[%clk 01:23:17]} {[%emt 00:00:56]}
20. Kf1 {[%clk 01:01:09]} {[%emt 00:03:18]} Nd7 {[%clk 01:22:53]} {[%emt
00:00:54]} 21. f4 {[%clk 01:00:26]} {[%emt 00:01:14]} Nb6 {[%clk 01:20:55]}
{[%emt 00:02:29]} 22. Nxg6+ {[%clk 00:54:06]} {[%emt 00:06:50]} fxg6 {[%clk
01:20:35]} {[%emt 00:00:49]} 23. Bb3 {[%clk 00:51:49]} {[%emt 00:02:47]} Qd8
{[%clk 01:18:56]} {[%emt 00:02:09]} 24. f5 {[%clk 00:51:44]} {[%emt 00:00:35]}
Qe8 {[%clk 01:15:46]} {[%emt 00:03:40]} 25. Kg2 {[%clk 00:49:07]} {[%emt
00:03:06]} gxf5 {[%clk 01:15:15]} {[%emt 00:01:01]} 26. Rhf1 {[%clk 00:47:42]}
{[%emt 00:01:55]} d5 {[%clk 01:11:48]} {[%emt 00:03:56]} 27. e5 {[%clk
00:46:00]} {[%emt 00:02:13]} g6 {[%clk 01:11:27]} {[%emt 00:00:51]} 28. h4
{[%clk 00:32:23]} {[%emt 00:14:01]} Qc6 {[%clk 01:09:01]} {[%emt 00:03:02]} 29.
e6 {[%clk 00:29:53]} {[%emt 00:02:59]} Nc4 {[%clk 01:06:36]} {[%emt 00:02:55]}
30. Bxc4 {[%clk 00:27:55]} {[%emt 00:02:28]} dxc4+ {[%clk 01:06:04]} {[%emt
00:01:02]} 31. d5 {[%clk 00:27:51]} {[%emt 00:00:34]} Qd6 {[%clk 01:06:01]}
{[%emt 00:00:33]} 32. Qxc4 {[%clk 00:26:59]} {[%emt 00:01:22]} c6 {[%clk
01:02:04]} {[%emt 00:04:28]} 33. Bf4 {[%clk 00:26:54]} {[%emt 00:00:34]} cxd5
{[%clk 00:58:34]} {[%emt 00:04:00]} 34. Bxd6 {[%clk 00:26:22]} {[%emt
00:01:02]} dxc4 {[%clk 00:59:03]} {[%emt 00:00:01]} 35. Bxf8 {[%clk 00:26:35]}
{[%emt 00:00:17]} Bxf8 {[%clk 00:59:32]} {[%emt 00:00:01]} 36. Rfe1 {[%clk
00:26:48]} {[%emt 00:00:17]} Rb6 {[%clk 00:58:46]} {[%emt 00:01:16]} 37. Rd8
{[%clk 00:26:47]} {[%emt 00:00:30]} Kg7 {[%clk 00:58:55]} {[%emt 00:00:19]} 38.
Rxf8 {[%clk 00:27:02]} {[%emt 00:00:18]} Kxf8 {[%clk 00:59:12]} {[%emt
00:00:13]} 39. e7+ {[%clk 00:27:27]} {[%emt 00:00:04]} Ke8 {[%clk 00:59:32]}
{[%emt 00:00:10]} 40. Re2 {[%clk 00:24:57]} {[%emt 00:03:01]} Rb4 {[%clk
00:59:53]} {[%emt 00:00:09]} 41. Kf3 {[%clk 00:25:04]} {[%emt 00:00:22]} Rxa4
{[%clk 00:59:47]} {[%emt 00:00:36]} 42. Re6 {[%clk 00:23:59]} {[%emt 00:01:35]}
Rb4 {[%clk 01:00:00]} {[%emt 00:00:18]} 43. Ke2 {[%clk 00:22:24]} {[%emt
00:02:05]} Rxb2+ {[%clk 01:00:21]} {[%emt 00:00:09]} 44. Kd1 {[%clk 00:22:51]}
{[%emt 00:00:03]} Rh2 {[%clk 01:00:20]} {[%emt 00:00:32]} 45. Rxg6 {[%clk
00:22:42]} {[%emt 00:00:38]} Kxe7 {[%clk 01:00:43]} {[%emt 00:00:07]} 46. Rg7+
{[%clk 00:23:04]} {[%emt 00:00:08]} Ke6 {[%clk 01:00:47]} {[%emt 00:00:26]} 47.
Rxb7 {[%clk 00:23:22]} {[%emt 00:00:12]} Rxh4 {[%clk 01:01:07]} {[%emt
00:00:09]} 48. g6 {[%clk 00:23:47]} {[%emt 00:00:05]} Kf6 {[%clk 01:01:18]}
{[%emt 00:00:19]} 49. g7 {[%clk 00:24:08]} {[%emt 00:00:09]} Rg4 {[%clk
01:01:44]} {[%emt 00:00:04]} 50. Rb5 {[%clk 00:23:51]} {[%emt 00:00:46]} Rxg7
{[%clk 01:01:52]} {[%emt 00:00:22]} 51. Rxa5 {[%clk 00:24:09]} {[%emt
00:00:13]} h4 {[%clk 01:02:00]} {[%emt 00:00:22]} 52. Ra2 {[%clk 00:24:05]}
{[%emt 00:00:34]} h3 {[%clk 01:02:21]} {[%emt 00:00:09]} 53. Rh2 {[%clk
00:24:29]} {[%emt 00:00:06]} Rg3 {[%clk 01:02:46]} {[%emt 00:00:05]} 54. Ke1
{[%clk 00:24:35]} {[%emt 00:00:24]} Rg1+ {[%clk 01:03:09]} {[%emt 00:00:07]}
55. Kf2 {[%clk 00:24:50]} {[%emt 00:00:14]} Rg2+ {[%clk 01:03:34]} {[%emt
00:00:05]} 56. Rxg2 {[%clk 00:25:13]} {[%emt 00:00:08]} hxg2 {[%clk 01:03:57]}
{[%emt 00:00:06]} 57. Kxg2 {[%clk 00:25:40]} {[%emt 00:00:03]} c3 {[%clk
01:04:15]} {[%emt 00:00:12]} 58. Kf2 {[%clk 00:26:00]} {[%emt 00:00:09]} c2
{[%clk 01:04:42]} {[%emt 00:00:04]} 59. Ke2 {[%clk 00:26:24]} {[%emt 00:00:06]}
c1=Q {[%clk 01:05:06]} {[%emt 00:00:07]} 60. Kf3 {[%clk 00:26:40]} {[%emt
00:00:13]} f4 {[%clk 01:05:23]} {[%emt 00:00:13]} 61. Kf2 {[%clk 00:26:34]}
{[%emt 00:00:34]} Qe3+ {[%clk 01:04:57]} {[%emt 00:00:59]} 62. Kf1 {[%clk
00:26:53]} {[%emt 00:00:11]} Qg3 {[%clk 01:05:14]} {[%emt 00:00:12]} 63. Ke2
{[%clk 00:27:15]} {[%emt 00:00:08]} f3+ {[%clk 01:05:37]} {[%emt 00:00:06]} 64.
Kf1 {[%clk 00:27:29]} {[%emt 00:00:16]} Qg2+ {[%clk 01:05:54]} {[%emt
00:00:14]} 65. Ke1 {[%clk 00:27:48]} {[%emt 00:00:11]} Qe2# {[%clk 01:06:13]}
0-1

[Event "ODJM C 2024"]
[Site "Willingen GER"]
[Date "2024.05.23"]
[Round "7"]
[White "Nguyen, Oliver Dung"]
[Black "Piotrowski, Jaro"]
[Result "1-0"]
[Termination "normal"]
[Board "19"]
[WhiteElo "1017"]
[BlackElo "1223"]
[WhiteClock "00:55:41"]
[BlackClock "01:19:57"]
[PlyCount "71"]
[WhiteFideId "34664190"]
[BlackFideId "34664629"]
[EventCountry "GER"]
[EventRounds "9"]
[EventType "swiss"]
[EventDate "2024.05.18"]

1. e4 {[%clk 01:30:58]} {[%emt 00:00:02]} e5 {[%clk 01:30:27]} {[%emt
00:00:33]} 2. Nf3 {[%clk 01:31:24]} {[%emt 00:00:05]} Nc6 {[%clk 01:30:04]}
{[%emt 00:00:51]} 3. Bb5 {[%clk 01:31:49]} {[%emt 00:00:05]} Nf6 {[%clk
01:30:14]} {[%emt 00:00:19]} 4. d3 {[%clk 01:31:42]} {[%emt 00:00:39]} Bb4+
{[%clk 01:30:26]} {[%emt 00:00:17]} 5. c3 {[%clk 01:32:00]} {[%emt 00:00:13]}
Ba5 {[%clk 01:30:52]} {[%emt 00:00:04]} 6. Nbd2 {[%clk 01:31:32]} {[%emt
00:00:58]} a6 {[%clk 01:31:12]} {[%emt 00:00:09]} 7. Bxc6 {[%clk 01:31:29]}
{[%emt 00:00:34]} dxc6 {[%clk 01:31:31]} {[%emt 00:00:11]} 8. Nxe5 {[%clk
01:31:38]} {[%emt 00:00:21]} Be6 {[%clk 01:30:07]} {[%emt 00:01:53]} 9. O-O
{[%clk 01:28:56]} {[%emt 00:03:13]} O-O {[%clk 01:29:11]} {[%emt 00:01:24]} 10.
Ndf3 {[%clk 01:27:22]} {[%emt 00:02:06]} Bb6 {[%clk 01:29:11]} {[%emt
00:00:31]} 11. h3 {[%clk 01:25:19]} {[%emt 00:02:32]} Nd7 {[%clk 01:29:24]}
{[%emt 00:00:16]} 12. Nxd7 {[%clk 01:23:51]} {[%emt 00:01:59]} Qxd7 {[%clk
01:29:29]} {[%emt 00:00:25]} 13. Ng5 {[%clk 01:24:15]} {[%emt 00:00:06]} Rad8
{[%clk 01:29:02]} {[%emt 00:00:57]} 14. Nxe6 {[%clk 01:19:17]} {[%emt
00:05:29]} Qxe6 {[%clk 01:28:50]} {[%emt 00:00:41]} 15. Re1 {[%clk 01:10:33]}
{[%emt 00:09:14]} Qf6 {[%clk 01:27:43]} {[%emt 00:01:36]} 16. Be3 {[%clk
01:10:30]} {[%emt 00:00:34]} Bxe3 {[%clk 01:27:46]} {[%emt 00:00:27]} 17. Rxe3
{[%clk 01:10:50]} {[%emt 00:00:11]} c5 {[%clk 01:26:28]} {[%emt 00:01:47]} 18.
Qc2 {[%clk 01:07:29]} {[%emt 00:03:50]} Rfe8 {[%clk 01:25:55]} {[%emt
00:01:04]} 19. Rf3 {[%clk 01:04:48]} {[%emt 00:03:12]} Qc6 {[%clk 01:25:03]}
{[%emt 00:01:20]} 20. a3 {[%clk 01:03:43]} {[%emt 00:01:37]} c4 {[%clk
01:24:51]} {[%emt 00:01:20]} 21. Re1 {[%clk 00:58:33]} {[%emt 00:06:01]} cxd3
{[%clk 01:23:11]} {[%emt 00:02:10]} 22. Rxd3 {[%clk 00:58:58]} {[%emt
00:00:06]} Rxd3 {[%clk 01:22:11]} {[%emt 00:01:30]} 23. Qxd3 {[%clk 00:59:13]}
{[%emt 00:00:16]} f5 {[%clk 01:22:25]} {[%emt 00:00:15]} 24. e5 {[%clk
00:58:46]} {[%emt 00:00:57]} Re6 {[%clk 01:21:21]} {[%emt 00:01:34]} 25. Qxf5
{[%clk 00:58:29]} {[%emt 00:00:47]} Rg6 {[%clk 01:21:43]} {[%emt 00:00:08]} 26.
Qe4 {[%clk 00:58:06]} {[%emt 00:00:49]} Qe6 {[%clk 01:20:33]} {[%emt 00:01:43]}
27. Qxb7 {[%clk 00:55:24]} {[%emt 00:03:14]} Qxh3 {[%clk 01:20:47]} {[%emt
00:00:15]} 28. Qb8+ {[%clk 00:55:40]} {[%emt 00:00:15]} Kf7 {[%clk 01:20:39]}
{[%emt 00:00:38]} 29. Qxc7+ {[%clk 00:56:05]} {[%emt 00:00:05]} Ke8 {[%clk
01:20:37]} {[%emt 00:00:31]} 30. Qb8+ {[%clk 00:55:15]} {[%emt 00:01:20]} Ke7
{[%clk 01:20:58]} {[%emt 00:00:09]} 31. Qb7+ {[%clk 00:55:02]} {[%emt
00:00:44]} Kf8 {[%clk 01:20:37]} {[%emt 00:00:47]} 32. Rd1 {[%clk 00:54:57]}
{[%emt 00:00:38]} Qh4 {[%clk 01:20:32]} {[%emt 00:00:36]} 33. Qc8+ {[%clk
00:54:34]} {[%emt 00:00:50]} Kf7 {[%clk 01:19:35]} {[%emt 00:01:29]} 34. Rd7+
{[%clk 00:54:57]} {[%emt 00:00:07]} Ke6 {[%emt 00:00:29]} 35. Rd4+ {[%clk
00:55:17]} {[%emt 00:00:05]} Kxe5 {[%clk 01:19:57]} {[%emt 00:00:16]} 36. Rxh4
{[%clk 00:55:41]} {[%emt 00:00:05]} 1-0